Fotografía : (Record no. 160308)

MARC details
000 -LEADER
fixed length control field 00886nam a22002297a 4500
005 - DATE AND TIME OF LATEST TRANSACTION
control field 20220210130319.0
008 - FIXED-LENGTH DATA ELEMENTS--GENERAL INFORMATION
fixed length control field 220210b sp ||||| |||| 00| 0 spa d
020 ## - INTERNATIONAL STANDARD BOOK NUMBER
International Standard Book Number 9788498016611
050 04 - LIBRARY OF CONGRESS CALL NUMBER
Classification number TR15
Item number H33 2013
100 1# - MAIN ENTRY--PERSONAL NAME
Personal name Hacking, Juliet,
Relator term autor.
240 1# - UNIFORM TITLE
Uniform title Photography.
Language of a work Español
245 10 - TITLE STATEMENT
Title Fotografía :
Remainder of title toda la historia /
Statement of responsibility, etc Juliet Hacking ; prólogo de David Campany ; traducción, Antonio Díaz Pérez, Remedios Diéguez Diéguez
250 ## - EDITION STATEMENT
Edition statement Primera edición en lengua española
260 ## - PUBLICATION, DISTRIBUTION, ETC. (IMPRINT)
Place of publication, distribution, etc Barcelona :
Name of publisher, distributor, etc Blume,
Date of publication, distribution, etc 2013
300 ## - PHYSICAL DESCRIPTION
Extent 576 páginas :
Other physical details ilustraciones ;
Dimensions 25 cm
650 #7 - SUBJECT ADDED ENTRY--TOPICAL TERM
Source of heading or term lemb
Topical term or geographic name as entry element Fotografía
General subdivision Historia
Chronological subdivision Siglo XIX
650 #7 - SUBJECT ADDED ENTRY--TOPICAL TERM
Source of heading or term lemb
Topical term or geographic name as entry element Fotografía
General subdivision Historia
Chronological subdivision Siglo XX
700 1# - ADDED ENTRY--PERSONAL NAME
Personal name Campany, David,
Relator term prologuista
700 1# - ADDED ENTRY--PERSONAL NAME
Personal name Díaz Pérez, Antonio,
Relator term traductor
700 1# - ADDED ENTRY--PERSONAL NAME
Personal name Diéguez Diéguez, Remedios,
Relator term traductor
942 ## - ADDED ENTRY ELEMENTS (KOHA)
Source of classification or shelving scheme Biblioteca del Cogreso de los Estados Unidos
Koha item type Libro
Holdings
Estado de pérdida Fuente de clasificación Estado del daño No para préstamo Ubicación permanente Ubicación actual Apartado o colección Fecha de adquisición Fuente de adquisición Edición Dependencia de educación superior (DES) Área del conocimiento Total Checkouts Clasificación Código de Barras Date last seen Número de copia Costo por reposición Tipo de recurso
  Biblioteca del Cogreso de los Estados Unidos     Biblioteca del Instituto de Investigaciones Históricas Biblioteca del Instituto de Investigaciones Históricas General 10/02/2022 Donación 1a ed. Humanidades Ingeniería y Tecnología   TR15 H33 2013 IIH000032090 10/02/2022 C:1 1.00 Libro